|
|
|
|
| LEADER |
02346nam a22004455i 4500 |
| 001 |
978-1-4419-8216-2 |
| 003 |
DE-He213 |
| 005 |
20150519181742.0 |
| 007 |
cr nn 008mamaa |
| 008 |
110807s2011 xxu| s |||| 0|eng d |
| 020 |
|
|
|a 9781441982162
|9 978-1-4419-8216-2
|
| 024 |
7 |
|
|a 10.1007/978-1-4419-8216-2
|2 doi
|
| 040 |
|
|
|d GrThAP
|
| 050 |
|
4 |
|a R-RZ
|
| 072 |
|
7 |
|a MBGR
|2 bicssc
|
| 072 |
|
7 |
|a MED000000
|2 bisacsh
|
| 082 |
0 |
4 |
|a 610
|2 23
|
| 245 |
1 |
0 |
|a Epigenetic Contributions in Autoimmune Disease
|h [electronic resource] /
|c edited by Esteban Ballestar.
|
| 264 |
|
1 |
|a Boston, MA :
|b Springer US :
|b Imprint: Springer,
|c 2011.
|
| 300 |
|
|
|a XVI, 182 p.
|b online resource.
|
| 336 |
|
|
|a text
|b txt
|2 rdacontent
|
| 337 |
|
|
|a computer
|b c
|2 rdamedia
|
| 338 |
|
|
|a online resource
|b cr
|2 rdacarrier
|
| 347 |
|
|
|a text file
|b PDF
|2 rda
|
| 490 |
1 |
|
|a Advances in Experimental Medicine and Biology,
|x 0065-2598 ;
|v 711
|
| 505 |
0 |
|
|a AN INTRODUCTION TO EPIGENETICS -- CHROMATIN MECHANISMS REGULATING GENE EXPRESSION IN HEALTH AND DISEASE -- EPIGENETIC CONTROL OF LYMPHOCYTE DIFERENTIATION -- EPIGENETIC CONTROL IN IMMUNE FUNCTION -- DNA METHYLATION AND B‑CELL AUTOR EACTIVITY -- ENVIRONMENTAL AGENTS AND AUTOIMMUNE DISEASES -- EPIGENETIC DYSREGULATION OF EPSTEIN‑BARR VIRUS LATENCY AND DEVELOPMENT OF AUTOIMMUNE DISEASE -- DOES GENOMIC IMPRINTING PLAY A ROLE IN AUTOIMMUNITY? -- A NEW EPIGENETIC CHALLENGE: SYSTEMIC LUPUS ERYTHEMATOSUS -- EPIGENETIC DEREGULATION IN RHEUMATOID ARTHRITIS -- PROSPECTS FOR EPIGENETIC COMPOUNDS IN THE TREATMENT OF AUTOIMMUNE DISEASE -- PROFILING EPIGENETIC ALTERATIONS IN DISEASE.
|
| 520 |
|
|
|a This volume focuses on the relevance of epigenetic mechanisms in autoimmune disease. It provides new directions for future research in autoimmune disease.
|
| 650 |
|
0 |
|a Medicine.
|
| 650 |
|
0 |
|a Medical genetics.
|
| 650 |
1 |
4 |
|a Biomedicine.
|
| 650 |
2 |
4 |
|a Biomedicine general.
|
| 650 |
2 |
4 |
|a Gene Function.
|
| 700 |
1 |
|
|a Ballestar, Esteban.
|e editor.
|
| 710 |
2 |
|
|a SpringerLink (Online service)
|
| 773 |
0 |
|
|t Springer eBooks
|
| 776 |
0 |
8 |
|i Printed edition:
|z 9781441982155
|
| 830 |
|
0 |
|a Advances in Experimental Medicine and Biology,
|x 0065-2598 ;
|v 711
|
| 856 |
4 |
0 |
|u http://dx.doi.org/10.1007/978-1-4419-8216-2
|z Full Text via HEAL-Link
|
| 912 |
|
|
|a ZDB-2-SBL
|
| 950 |
|
|
|a Biomedical and Life Sciences (Springer-11642)
|